000
00253nam a22001217a 4500
008
260218b ||||| |||| 00| 0 eng d
041
_a
Shqip
080
_a
2.1
100
_a
20.1
101
_a
roman
245
_a
Free Verse
_c
Migjeni
942
_2
lcc
_c
BK
999
_c
60816
_d
60816